Vplyv alternatívnych zdrojov energie na životné prostredie

Energetická situácia vo svete. Trend celosvetovej spotreby a produkcie energie (1990-2008). Bioplyn a bioplynové stanice. Bioplyn na Slovensku. Prehľad inštalovaných a plánovaných bioplynových staníc na Slovensku. Výhody z používania biomasy a bioplynu.

Guardado en:
Detalles Bibliográficos
Autor principal: Mošať, Miroslav
Formato: Capítulo de libro
Lenguaje:eslovaco
Materias:
Etiquetas: Agregar Etiqueta
Sin Etiquetas, Sea el primero en etiquetar este registro!

MARC

LEADER 00000nla$a2200000$$$4500
001 0128337
005 20240502072451.4
041 0 |a slo 
044 |a SK 
245 1 0 |a Vplyv alternatívnych zdrojov energie na životné prostredie  |c Miroslav Mošať 
520 |a Energetická situácia vo svete. Trend celosvetovej spotreby a produkcie energie (1990-2008). Bioplyn a bioplynové stanice. Bioplyn na Slovensku. Prehľad inštalovaných a plánovaných bioplynových staníc na Slovensku. Výhody z používania biomasy a bioplynu. 
610 2 0 |a zdroje energie obnoviteľné 
610 2 0 |a zdroje energie prírodné 
610 2 0 |a biomasa 
610 2 0 |a bioplyn 
610 2 0 |a ochrana prostredia životného 
610 2 0 |a výroba 
610 2 0 |a spotreba 
610 2 0 |a Slovensko 
100 1 |a Mošať, Miroslav